Tratado del alma

Saved in:
Bibliografiske detaljer
Hovedforfatter: Vives, Juan Luis (Author)
Format: Bog
Sprog:spansk
Udgivet: Madrid La Lectura 1923
Serier:Ciencia y Educación, Clásicos
Fag:
Tags: Tilføj Tag
Ingen Tags, Vær først til at tagge denne postø!

MARC

LEADER 00000nam a2200000 a 4500
001 UCW8200
003 CL-VaPUC
008 880705e19230000SP |||||||||||||||||spa|d
082 0 4 |a 128.1  |b VIV  |2 21 
100 0 |a Vives, Juan Luis  |e author  |9 256558 
245 1 0 |a Tratado del alma 
300 |a 385 p 
942 |c BK 
945 |d 19880705 00:00:00 
260 |a Madrid  |b La Lectura  |c 1923 
650 0 |a Alma   |9 259008 
650 0 |a Psicología evolutiva   |9 271069 
583 |a last modification  |c 20130106 10:15:55  |k Rodrigo Vera 
490 0 |a Ciencia y Educación, Clásicos 
999 |c 220657  |d 220655